[Event "Baden-ch U18/20"]
[Site "Karlsruhe"]
[Date "2014.01.03"]
[Round "4"]
[White "Opitz, Julian"]
[Black "Walther, Felix"]
[Result "1-0"]
[WhiteElo "1604"]
[BlackElo "1525"]
[PlyCount "81"]
[EventDate "2014.01.??"]
[EventType "swiss"]
[EventRounds "7"]
[EventCountry "GER"]
[SourceTitle "EXT 2022"]
[Source "ChessBase"]
[SourceDate "2021.10.06"]
[SourceVersion "1"]
[SourceVersionDate "2021.10.06"]
[SourceQuality "1"]

1. e4 e5 2. Nf3 Nc6 3. Nc3 Bc5 4. Nxe5 Bxf2+ 5. Kxf2 Nxe5 6. d4 Ng6 7. Bc4 Qf6+ 8. Ke1 Qc6 9. Bb3 N8e7 10. Rf1 0-0 11. Qf3 Nh8 12. Bg5 Neg6 13. Nd5 d6 14. Ne7+ Nxe7 15. Bxe7 Qe8 16. Bxf8 Kxf8 17. Kd2 Be6 18. Rf2 Qe7 19. Raf1 Bxb3 20. axb3 Re8 21. Re2 c5 22. e5 Rd8 23. e6 f6 24. d5 Ng6 25. Qh5 Kg8 26. Qf5 Ne5 27. Re4 Rf8 28. g4 b5 29. Ref4 g6 30. Qe4 Kg7 31. h4 a6 32. Ra1 Nxg4 33. Qg2 f5 34. Rxa6 Qb7 35. Rxd6 Nf6 36. Qe2 Kg8 37. e7 Re8 38. Rxf6 Qxd5+ 39. Kc1 Qh1+ 40. Rf1 Rxe7 41. Rxh1 1-0

[Event "Baden-ch U18/20"]
[Site "Karlsruhe"]
[Date "2014.01.03"]
[Round "3"]
[White "Walther, Felix"]
[Black "Senel, Osman"]
[Result "1/2-1/2"]
[WhiteElo "1525"]
[BlackElo "1751"]
[PlyCount "30"]
[EventDate "2014.01.??"]
[EventType "swiss"]
[EventRounds "7"]
[EventCountry "GER"]
[SourceTitle "EXT 2022"]
[Source "ChessBase"]
[SourceDate "2021.10.06"]
[SourceVersion "1"]
[SourceVersionDate "2021.10.06"]
[SourceQuality "1"]

1. e4 e5 2. Nf3 Nc6 3. Bc4 Bc5 4. Nc3 Nf6 5. d3 d6 6. Bg5 h6 7. Bh4 g5 8. Bg3 Bd7 9. Na4 Bb6 10. Nxb6 axb6 11. Qe2 Qe7 12. 0-0-0 0-0-0 13. Rhe1 Nh5 14. d4 Nxg3 15. hxg3 g4 1/2-1/2

[Event "GER-ch U25 op-A"]
[Site "Oberhof"]
[Date "2012.05.29"]
[Round "5"]
[White "Bosse, Lea"]
[Black "Walther, Felix"]
[Result "1-0"]
[WhiteElo "1656"]
[BlackElo "1586"]
[PlyCount "69"]
[EventDate "2012.05.27"]
[EventType "swiss"]
[EventRounds "9"]
[EventCountry "GER"]
[SourceTitle "CBM 148 Extra"]
[Source "ChessBase"]
[SourceDate "2012.06.22"]
[SourceVersion "1"]
[SourceVersionDate "2012.06.22"]
[SourceQuality "1"]

1. e4 e5 2. Nf3 Nc6 3. Bc4 Bc5 4. d4 exd4 5. c3 Nf6 6. e5 Ng4 7. cxd4 Bb4+ 8. Nc3 d5 9. exd6 Qxd6 10. Qe2+ Qe7 11. 0-0 Qxe2 12. Bxe2 0-0 13. Bf4 Nf6 14. Nb5 Nd5 15. Bg3 Ba5 16. Rac1 Bg4 17. h3 Bh5 18. Rc5 Rad8 19. Nxa7 Bb6 20. Nxc6 bxc6 21. Rxc6 Bxf3 22. Bxf3 Nb4 23. Rc4 Rxd4 24. Rxd4 Bxd4 25. a3 Na6 26. b3 c5 27. Rc1 Bb2 28. Rc2 Bxa3 29. Ra2 Bb4 30. Rxa6 Rd8 31. Rc6 h6 32. Bd6 Kh7 33. Bxc5 Bc3 34. Be7 Rd3 35. Be4+ 1-0

[Event "GER-ch U25 op-A"]
[Site "Oberhof"]
[Date "2012.05.28"]
[Round "3"]
[White "Katz, Simon"]
[Black "Walther, Felix"]
[Result "0-1"]
[WhiteElo "1433"]
[BlackElo "1586"]
[PlyCount "34"]
[EventDate "2012.05.27"]
[EventType "swiss"]
[EventRounds "9"]
[EventCountry "GER"]
[SourceTitle "CBM 148 Extra"]
[Source "ChessBase"]
[SourceDate "2012.06.22"]
[SourceVersion "1"]
[SourceVersionDate "2012.06.22"]
[SourceQuality "1"]

1. e4 e5 2. Nf3 Nc6 3. Bb5 a6 4. Bxc6 dxc6 5. 0-0 Bg4 6. h3 h5 7. d3 Qf6 8. Be3 Ne7 9. Nbd2 Ng6 10. hxg4 hxg4 11. Bg5 Qe6 12. Nh2 g3 13. fxg3 Bc5+ 14. Kh1 f6 15. Nb3 Bb6 16. Bd2 0-0-0 17. Rf5 Rxh2+ 0-1

[Event "GER-ch U25 op-A"]
[Site "Oberhof"]
[Date "2012.05.27"]
[Round "1"]
[White "Diller, Daniel"]
[Black "Walther, Felix"]
[Result "1-0"]
[WhiteElo "1866"]
[BlackElo "1586"]
[PlyCount "61"]
[EventDate "2012.05.27"]
[EventType "swiss"]
[EventRounds "9"]
[EventCountry "GER"]
[SourceTitle "CBM 148 Extra"]
[Source "ChessBase"]
[SourceDate "2012.06.22"]
[SourceVersion "1"]
[SourceVersionDate "2012.06.22"]
[SourceQuality "1"]

1. c4 e5 2. g3 Nf6 3. Bg2 d5 4. cxd5 Nxd5 5. Nc3 Be6 6. Nf3 Nc6 7. 0-0 Bc5 8. Nxe5 Nxe5 9. d4 Bxd4 10. Qxd4 Qf6 11. Qa4+ Bd7 12. Nxd5 Bxa4 13. Nxf6+ gxf6 14. Bxb7 Rb8 15. Bg2 0-0 16. b3 Bb5 17. Re1 c5 18. Be3 Rbc8 19. Bh3 Rc7 20. Rac1 c4 21. Rc3 Rd8 22. Rec1 a5 23. Bb6 Rcd7 24. Bxd8 Rxd8 25. bxc4 Bc6 26. f4 Nd7 27. Rd3 Kf8 28. Rcd1 Ke7 29. Kf2 a4 30. Rd6 Bb7 31. Rxd7+ 1-0

[Event "GER-ch U25 op-A"]
[Site "Oberhof"]
[Date "2012.05.27"]
[Round "2"]
[White "Walther, Felix"]
[Black "Hoffmann, Tim"]
[Result "0-1"]
[WhiteElo "1586"]
[BlackElo "1910"]
[PlyCount "80"]
[EventDate "2012.05.27"]
[EventType "swiss"]
[EventRounds "9"]
[EventCountry "GER"]
[SourceTitle "CBM 148 Extra"]
[Source "ChessBase"]
[SourceDate "2012.06.22"]
[SourceVersion "1"]
[SourceVersionDate "2012.06.22"]
[SourceQuality "1"]

1. e4 c5 2. d4 cxd4 3. Qxd4 Nc6 4. Qe3 e6 5. b3 d6 6. Bb2 Nf6 7. Nc3 Be7 8. Bd3 Qa5 9. h3 d5 10. Nge2 dxe4 11. Bxe4 Nxe4 12. Qxe4 Bf6 13. 0-0-0 Bd7 14. g4 0-0-0 15. f4 h6 16. Qc4 Kb8 17. Rd2 Nb4 18. Rhd1 Rc8 19. Qe4 Bc6 20. Qe3 Nxa2+ 21. Nxa2 Qxa2 22. Bxf6 gxf6 23. Qc3 Bd5 24. Qxf6 Bxb3 25. Qe5+ Ka8 26. Qxh8 Qxc2+ 27. Rxc2 Rxh8 28. Rd7 Bxc2 29. Kxc2 Rf8 30. Nd4 a6 31. Nf3 Kb8 32. g5 h5 33. Ne5 f6 34. Ng6 Rc8+ 35. Kd3 fxg5 36. Ne7 Rc1 37. fxg5 Rd1+ 38. Ke4 Rxd7 39. Ng8 Rg7 40. h4 Rxg8 0-1

[Event "Baden-ch U16"]
[Site "Karlsruhe Durlach"]
[Date "2012.01.03"]
[Round "3"]
[White "Walter, Tim Lucas"]
[Black "Walther, Felix"]
[Result "1/2-1/2"]
[WhiteElo "1684"]
[BlackElo "1419"]
[PlyCount "35"]
[EventDate "2012.01.02"]
[EventType "swiss"]
[EventRounds "7"]
[EventCountry "GER"]
[SourceTitle "EXT 2015"]
[Source "ChessBase"]
[SourceDate "2014.11.20"]
[SourceVersion "1"]
[SourceVersionDate "2014.11.20"]
[SourceQuality "1"]

1. e4 e5 2. f4 d6 3. Nf3 Bg4 4. Bc4 Nc6 5. Nc3 Nd4 6. Be2 Bxf3 7. Bxf3 Nf6 8. d3 Be7 9. 0-0 0-0 10. Be3 c5 11. Ne2 Ne6 12. f5 Nd4 13. Nxd4 cxd4 14. Bd2 d5 15. exd5 Nxd5 16. Bxd5 Qxd5 17. Qg4 Qc6 18. Rac1 1/2-1/2

[Event "Baden-ch U14"]
[Site "Schoeneck"]
[Date "2009.01.04"]
[Round "6"]
[White "Ruland, Leon"]
[Black "Walther, Felix"]
[Result "1/2-1/2"]
[WhiteElo "1135"]
[BlackElo "1156"]
[PlyCount "76"]
[EventDate "2009.01.02"]
[EventType "swiss"]
[EventRounds "7"]
[EventCountry "GER"]
[SourceTitle "EXT 2010"]
[Source "ChessBase"]
[SourceDate "2010.11.25"]
[SourceVersion "1"]
[SourceVersionDate "2010.11.25"]
[SourceQuality "1"]

1. e4 e5 2. Nf3 Nc6 3. d4 exd4 4. Nxd4 Bc5 5. Be3 Qf6 6. c3 Nge7 7. Bb5 Nxd4 8. cxd4 Bb4+ 9. Nd2 0-0 10. 0-0 Bxd2 11. Qxd2 c6 12. Bd3 d5 13. e5 Qe6 14. Qe2 Nf5 15. Qg4 Nxe3 16. Qxe6 Bxe6 17. fxe3 f6 18. exf6 Rxf6 19. Rxf6 gxf6 20. a4 a5 21. Rf1 Kg7 22. h3 Re8 23. Rf3 Bf7 24. Kf2 Bg6 25. Rg3 Kf7 26. Be2 Bc2 27. Bh5+ Bg6 28. Bd1 Rg8 29. Ke1 Be4 30. Rxg8 Kxg8 31. Kf2 Kg7 32. g3 f5 33. h4 Kf6 34. Ke1 Ke6 35. Kd2 Kd6 36. Be2 c5 37. b3 b6 38. Kc3 h6 1/2-1/2